The beauty of spiritual language / (Record no. 7094)
[ view plain ]
| 000 -LEADER | |
|---|---|
| fixed length control field | 00766nam a2200265Ia 4500 |
| 001 - CONTROL NUMBER | |
| control field | 46673945 |
| 003 - CONTROL NUMBER IDENTIFIER | |
| control field | OCoLC |
| 005 - DATE AND TIME OF LATEST TRANSACTION | |
| control field | 20190122180843.0 |
| 008 - FIXED-LENGTH DATA ELEMENTS--GENERAL INFORMATION | |
| fixed length control field | 010405s1996 tnu b 000 0deng d |
| 020 ## - INTERNATIONAL STANDARD BOOK NUMBER | |
| International Standard Book Number | 0785272682 |
| 040 ## - CATALOGING SOURCE | |
| Original cataloging agency | MAL |
| Transcribing agency | MAL |
| 082 ## - DEWEY DECIMAL CLASSIFICATION NUMBER | |
| Classification number | 234.1 |
| Item number | H418b |
| 090 ## - LOCALLY ASSIGNED LC-TYPE CALL NUMBER (OCLC); LOCAL CALL NUMBER (RLIN) | |
| Classification number (OCLC) (R) ; Classification number, CALL (RLIN) (NR) | BT122.5 |
| Local cutter number (OCLC) ; Book number/undivided call number, CALL (RLIN) | .H39 1996 |
| 092 ## - LOCALLY ASSIGNED DEWEY CALL NUMBER (OCLC) | |
| Classification number | 234.132 |
| Item number | H33b |
| 100 1# - MAIN ENTRY--PERSONAL NAME | |
| Personal name | Hayford, Jack W. |
| 245 14 - TITLE STATEMENT | |
| Title | The beauty of spiritual language / |
| Statement of responsibility, etc. | Jack Hayford. |
| 246 0# - VARYING FORM OF TITLE | |
| Display text | Cover subtitle: |
| Title proper/short title | Unveiling the mystery of speaking in tongues |
| 260 ## - PUBLICATION, DISTRIBUTION, ETC. | |
| Place of publication, distribution, etc. | Nashville : |
| Name of publisher, distributor, etc. | Thomas Nelson, |
| Date of publication, distribution, etc. | c1996. |
| 300 ## - PHYSICAL DESCRIPTION | |
| Extent | 204 p. ; |
| Dimensions | 23 cm. |
| 504 ## - BIBLIOGRAPHY, ETC. NOTE | |
| Bibliography, etc. note | Includes bibliographical references (p. 201-204). |
| 600 10 - SUBJECT ADDED ENTRY--PERSONAL NAME | |
| Personal name | Hayford, Jack W. |
| 650 #0 - SUBJECT ADDED ENTRY--TOPICAL TERM | |
| Topical term or geographic name entry element | Glossolalia. |
| 650 #0 - SUBJECT ADDED ENTRY--TOPICAL TERM | |
| Topical term or geographic name entry element | Spiritual life. |
| 942 ## - ADDED ENTRY ELEMENTS (KOHA) | |
| Source of classification or shelving scheme | Dewey Decimal Classification |
| Koha item type | Books |
| Withdrawn status | Lost status | Source of classification or shelving scheme | Damaged status | Not for loan | Collection code | Home library | Current library | Shelving location | Date acquired | Cost, normal purchase price | Total Checkouts | Full call number | Barcode | Date last seen | Price effective from | Koha item type |
|---|---|---|---|---|---|---|---|---|---|---|---|---|---|---|---|---|
| Dewey Decimal Classification | Non-fiction | Harvest Mission College | Harvest Mission College | General Stacks | 22.01.2019 | 250.00 | 234.1 H418b | 008057 | 22.01.2019 | 22.01.2019 | Books |
